| 000 | 01107nam a2200217Ia 4500 | ||
|---|---|---|---|
| 999 |
_c36757 _d36757 |
||
| 001 | 2695 | ||
| 003 | GE_BSU | ||
| 005 | 20210216145847.0 | ||
| 008 | 181216s205 ||||ge |||||||||||||| ||geo|| | ||
| 040 | _cGE_BSU | ||
| 041 | _ageo | ||
| 080 | _a355/359 ჰ–27 | ||
| 100 |
_aჰანტინგტონი, სემუელ ფ. _910135 |
||
| 245 |
_aჯარისკაცი და სახელმწიფო : _bსამოქალაო სამხედრო ურტიერთობათა თეორია და პოლიტიკა / _cსემუელ ფ. ჰანტინგტონი. |
||
| 264 |
_aთბილისი : _bსაარი, _c2005. |
||
| 300 |
_a464 გვ. : _b19 სმ. |
||
| 653 | _aჯარიკაცი და სახელმწიფო | ||
| 653 | _aსამხედრო ინსტიტუტები და სახელმწიფო | ||
| 653 | _aსამხედრო პროფესიის აღზევება დასავლურ საზოგადოებაში | ||
| 942 |
_cBK _2udc |
||